[Event "AUT-chT2S 9900"]
[Site "Austria"]
[Date "2000.02.27"]
[Round "8.5"]
[White "Ivancsics, Michael"]
[Black "Beck, Hartmuth"]
[Result "1/2-1/2"]
[WhiteElo "2255"]
[BlackElo "2235"]
[Annotator "Gabriele Ballarin"]
[PlyCount "30"]
[EventDate "1999.10.??"]
[EventType "team"]
[EventRounds "11"]
[EventCountry "AUT"]
[SourceTitle "EXT 2002"]
[Source "ChessBase"]
[SourceDate "2001.11.25"]
[SourceVersion "1"]
[SourceVersionDate "2001.11.25"]
[SourceQuality "1"]

1. d4 f5 2. g3 Nf6 3. Bg2 g6 4. c4 Bg7 5. Nh3 d6 6. d5 c6 7. O-O O-O 8. Nc3 e5 9. dxe6 Bxe6 10. Qd3 Nbd7 11. Ng5 Qe7 12. Nxe6 Qxe6 13. Rd1 Ne5 14. Qxd6 Qxd6 15. Rxd6 Nxc4 1/2-1/2

[Event "AUT-chT2S 9900"]
[Site "Austria"]
[Date "2000.02.27"]
[Round "8.5"]
[White "Kleiser, Gregor"]
[Black "Steiner, Peter"]
[Result "1-0"]
[WhiteElo "2157"]
[BlackElo "2120"]
[Annotator "Gabriele Ballarin"]
[PlyCount "59"]
[EventDate "1999.10.??"]
[EventType "team"]
[EventRounds "11"]
[EventCountry "AUT"]
[SourceTitle "EXT 2002"]
[Source "ChessBase"]
[SourceDate "2001.11.25"]
[SourceVersion "1"]
[SourceVersionDate "2001.11.25"]
[SourceQuality "1"]

1. b4 Nf6 2. Bb2 d6 3. c4 g6 4. g3 Bg7 5. Bg2 c6 6. Nc3 Qb6 7. Qb3 O-O 8. Nf3 e5 9. d3 Na6 10. a3 Nc5 11. Qc2 Ne6 12. O-O a5 13. b5 Bd7 14. Rab1 Qa7 15. Qd2 c5 16. Ng5 Rae8 17. b6 Qxb6 18. Ba1 Qd8 19. Rxb7 Nd4 20. e3 Bc6 21. Bxc6 Nxc6 22. Nd5 Nxd5 23. cxd5 Qxg5 24. dxc6 f5 25. Qxa5 Rc8 26. Qb5 Bh6 27. f4 Qf6 28. a4 Qe6 29. a5 Qd5 30. a6 1-0

[Event "AUT-chT2S 9900"]
[Site "Austria"]
[Date "2000.02.27"]
[Round "8.6"]
[White "Brestian, Egon"]
[Black "Forintos, Gyozo Victor"]
[Result "1/2-1/2"]
[WhiteElo "2429"]
[BlackElo "2343"]
[Annotator "Gabriele Ballarin"]
[PlyCount "27"]
[EventDate "1999.10.??"]
[EventType "team"]
[EventRounds "11"]
[EventCountry "AUT"]
[SourceTitle "EXT 2002"]
[Source "ChessBase"]
[SourceDate "2001.11.25"]
[SourceVersion "1"]
[SourceVersionDate "2001.11.25"]
[SourceQuality "1"]

1. e4 e5 2. d4 exd4 3. Qxd4 Nc6 4. Qe3 Bb4+ 5. Bd2 Bxd2+ 6. Nxd2 d6 7. Ngf3 Nf6 8. Bc4 O-O 9. O-O Re8 10. Qf4 h6 11. Rae1 Ne5 12. Nxe5 dxe5 13. Qe3 Qe7 14. Rd1 1/2-1/2

[Event "AUT-chT2S 9900"]
[Site "Austria"]
[Date "2000.02.27"]
[Round "8.6"]
[White "Mahdy, Khaled"]
[Black "Dohr, Alexander"]
[Result "1-0"]
[WhiteElo "2332"]
[BlackElo "2193"]
[Annotator "Gabriele Ballarin"]
[PlyCount "69"]
[EventDate "1999.10.??"]
[EventType "team"]
[EventRounds "11"]
[EventCountry "AUT"]
[SourceTitle "EXT 2002"]
[Source "ChessBase"]
[SourceDate "2001.11.25"]
[SourceVersion "1"]
[SourceVersionDate "2001.11.25"]
[SourceQuality "1"]

1. e4 c6 2. d4 d5 3. Nd2 dxe4 4. Nxe4 Bf5 5. Ng3 Bg6 6. h4 h6 7. Nh3 Nf6 8. Nf4 Bh7 9. c3 e6 10. Bd3 Bxd3 11. Nxd3 Bd6 12. Nh5 Nxh5 13. Qxh5 Nd7 14. Qg4 Qf6 15. Rh3 h5 16. Qe4 Qd8 17. Qe2 Qa5 18. Bg5 Qd5 19. Kf1 Nf6 20. Ne5 a6 21. Re1 b5 22. b3 Bxe5 23. dxe5 Ng4 24. Rd3 Qc5 25. Qd2 O-O 26. Rd4 f6 27. b4 Qb6 28. exf6 e5 29. Rd6 gxf6 30. Bxf6 Rxf6 31. Qg5+ Kf7 32. Qxh5+ Ke7 33. Rxf6 Nxf6 34. Qxe5+ Kf7 35. Qe7+ 1-0

[Event "AUT-chT2S 9900"]
[Site "Austria"]
[Date "2000.02.27"]
[Round "8.6"]
[White "Matosec, Thomas"]
[Black "Manhardt, Thomas"]
[Result "0-1"]
[WhiteElo "2085"]
[BlackElo "2180"]
[Annotator "Gabriele Ballarin"]
[PlyCount "94"]
[EventDate "1999.10.??"]
[EventType "team"]
[EventRounds "11"]
[EventCountry "AUT"]
[SourceTitle "EXT 2002"]
[Source "ChessBase"]
[SourceDate "2001.11.25"]
[SourceVersion "1"]
[SourceVersionDate "2001.11.25"]
[SourceQuality "1"]

1. Nf3 c5 2. c4 Nc6 3. Nc3 g6 4. g3 Bg7 5. Bg2 d6 6. O-O Nf6 7. d4 cxd4 8. Nxd4 Bd7 9. e4 O-O 10. Nde2 Qc8 11. Re1 Bh3 12. Bh1 Ne5 13. Nd5 Nxd5 14. cxd5 Bg4 15. Qb3 Qc4 16. Qxc4 Nxc4 17. f3 Bd7 18. Rb1 Rfc8 19. b3 Ne5 20. Bg5 Kf8 21. Be3 Nd3 22. Red1 Nb4 23. Rd2 Nc2 24. Bf2 Bb5 25. Rc1 Nb4 26. Rxc8+ Rxc8 27. Bg2 h6 28. f4 Bxe2 29. Rxe2 Rc1+ 30. Bf1 Ra1 31. a4 Rb1 32. e5 dxe5 33. fxe5 Nxd5 34. Rd2 e6 35. Bc5+ Ke8 36. Bd6 Rxb3 37. Bc4 Rb1+ 38. Kf2 Nc3 39. Rc2 Ne4+ 40. Ke2 Nxd6 41. exd6 Kd7 42. Ke3 Kxd6 43. Rf2 Ke7 44. Bd3 Rb4 45. Rc2 Kd6 46. Be4 Bd4+ 47. Kd3 f5 0-1

[Event "AUT-chT2S 9900"]
[Site "Austria"]
[Date "2000.02.27"]
[Round "8.6"]
[White "Singer, Richard"]
[Black "Lendwai, Reinhard"]
[Result "1/2-1/2"]
[WhiteElo "2290"]
[BlackElo "2371"]
[Annotator "Gabriele Ballarin"]
[PlyCount "28"]
[EventDate "1999.10.??"]
[EventType "team"]
[EventRounds "11"]
[EventCountry "AUT"]
[SourceTitle "EXT 2002"]
[Source "ChessBase"]
[SourceDate "2001.11.25"]
[SourceVersion "1"]
[SourceVersionDate "2001.11.25"]
[SourceQuality "1"]

1. d4 Nf6 2. Nf3 e6 3. g3 c5 4. Bg2 Nc6 5. O-O cxd4 6. Nxd4 Qb6 7. Nxc6 bxc6 8. c4 d5 9. Nc3 Bb7 10. Be3 Qa6 11. cxd5 cxd5 12. Bd4 Be7 13. Qb3 O-O 14. Rfc1 Bc6 1/2-1/2

[Event "AUT-chT2S 9900"]
[Site "Austria"]
[Date "2000.02.27"]
[Round "8.6"]
[White "Wegerer, Fred"]
[Black "Kwatschewsky, Leo"]
[Result "1/2-1/2"]
[WhiteElo "2196"]
[BlackElo "2307"]
[Annotator "Gabriele Ballarin"]
[PlyCount "28"]
[EventDate "1999.10.??"]
[EventType "team"]
[EventRounds "11"]
[EventCountry "AUT"]
[SourceTitle "EXT 2002"]
[Source "ChessBase"]
[SourceDate "2001.11.25"]
[SourceVersion "1"]
[SourceVersionDate "2001.11.25"]
[SourceQuality "1"]

1. Nf3 d5 2. d4 Nf6 3. e3 Nbd7 4. Nbd2 e6 5. Bd3 c5 6. c3 Bd6 7. O-O O-O 8. Re1 Qc7 9. e4 e5 10. exd5 exd4 11. cxd4 cxd4 12. Ne4 Nxd5 13. Nxd6 Qxd6 14. Nxd4 N7f6 1/2-1/2

[Event "AUT-chT2S 9900"]
[Site "Austria"]
[Date "2000.03.17"]
[Round "9.1"]
[White "Dohr, Alexander"]
[Black "Arwanitakis, Michael"]
[Result "1-0"]
[WhiteElo "2193"]
[BlackElo "2155"]
[Annotator "Gabriele Ballarin"]
[PlyCount "53"]
[EventDate "1999.10.??"]
[EventType "team"]
[EventRounds "11"]
[EventCountry "AUT"]
[SourceTitle "EXT 2002"]
[Source "ChessBase"]
[SourceDate "2001.11.25"]
[SourceVersion "1"]
[SourceVersionDate "2001.11.25"]
[SourceQuality "1"]

1. e4 e5 2. Nc3 Nf6 3. Bc4 Nc6 4. d3 Na5 5. Bb3 Nxb3 6. axb3 Be7 7. Nf3 d6 8. O-O O-O 9. Ne2 Nh5 10. h3 f5 11. exf5 Rxf5 12. Nh2 Rf7 13. Be3 b6 14. d4 Nf4 15. dxe5 Nxe2+ 16. Qxe2 dxe5 17. Qc4 a5 18. Rfd1 Qe8 19. Nf3 Bf6 20. Ng5 Bxg5 21. Bxg5 Be6 22. Qe2 Rf5 23. Bh4 Qh5 24. Qxh5 Rxh5 25. Rd8+ Rxd8 26. Bxd8 Bf5 27. g4 1-0

[Event "AUT-chT2S 9900"]
[Site "Austria"]
[Date "2000.03.17"]
[Round "9.1"]
[White "Forintos, Gyozo Victor"]
[Black "Rogulj, Branko"]
[Result "1/2-1/2"]
[WhiteElo "2343"]
[BlackElo "2427"]
[Annotator "Gabriele Ballarin"]
[PlyCount "72"]
[EventDate "1999.10.??"]
[EventType "team"]
[EventRounds "11"]
[EventCountry "AUT"]
[SourceTitle "EXT 2002"]
[Source "ChessBase"]
[SourceDate "2001.11.25"]
[SourceVersion "1"]
[SourceVersionDate "2001.11.25"]
[SourceQuality "1"]

1. d4 Nf6 2. c4 g6 3. Nc3 d5 4. Nf3 Bg7 5. Bg5 Ne4 6. cxd5 Nxg5 7. Nxg5 e6 8. Qa4+ Kf8 9. Nf3 exd5 10. Qb3 c6 11. e3 Qb6 12. Qc2 Bf5 13. Bd3 Bxd3 14. Qxd3 Qa6 15. Ke2 Qxd3+ 16. Kxd3 a5 17. Na4 Nd7 18. Rac1 Bf6 19. Nd2 Kg7 20. Rc2 Be7 21. Rhc1 Rhe8 22. Nb3 g5 23. g4 h5 24. h3 hxg4 25. hxg4 Rh8 26. Nd2 Rh3 27. Rg1 Nf8 28. Nb6 Re8 29. Rcc1 Bd8 30. Na4 Ne6 31. Rh1 Reh8 32. Rxh3 Rxh3 33. Ke2 Kg6 34. Rg1 Bc7 35. Nf3 f6 36. Nc3 Bd6 1/2-1/2

[Event "AUT-chT2S 9900"]
[Site "Austria"]
[Date "2000.03.17"]
[Round "9.1"]
[White "Pichler, Peter"]
[Black "Wegerer, Fred"]
[Result "1/2-1/2"]
[WhiteElo "2205"]
[BlackElo "2196"]
[Annotator "Gabriele Ballarin"]
[PlyCount "55"]
[EventDate "1999.10.??"]
[EventType "team"]
[EventRounds "11"]
[EventCountry "AUT"]
[SourceTitle "EXT 2002"]
[Source "ChessBase"]
[SourceDate "2001.11.25"]
[SourceVersion "1"]
[SourceVersionDate "2001.11.25"]
[SourceQuality "1"]

1. d4 Nf6 2. Nf3 e6 3. g3 b5 4. Bg2 Bb7 5. O-O Be7 6. Nbd2 O-O 7. c4 a6 8. b3 d6 9. Qc2 Nbd7 10. e4 Qb8 11. Bb2 bxc4 12. bxc4 Nxe4 13. Nxe4 Bxe4 14. Qxe4 Qxb2 15. Qc6 Rfd8 16. Qxc7 Rac8 17. Qa5 Qb6 18. Qa4 Qa7 19. Rfc1 Bf6 20. Qd1 e5 21. dxe5 dxe5 22. Rab1 e4 23. Ne1 e3 24. fxe3 Qxe3+ 25. Kh1 Ne5 26. Qb3 Qc5 27. Rc2 Ng4 28. Qf3 1/2-1/2

[Event "AUT-chT2S 9900"]
[Site "Austria"]
[Date "2000.03.17"]
[Round "9.1"]
[White "Raffalt, Manfred"]
[Black "Singer, Richard"]
[Result "1/2-1/2"]
[WhiteElo "2206"]
[BlackElo "2290"]
[Annotator "Gabriele Ballarin"]
[PlyCount "23"]
[EventDate "1999.10.??"]
[EventType "team"]
[EventRounds "11"]
[EventCountry "AUT"]
[SourceTitle "EXT 2002"]
[Source "ChessBase"]
[SourceDate "2001.11.25"]
[SourceVersion "1"]
[SourceVersionDate "2001.11.25"]
[SourceQuality "1"]

1. d4 Nf6 2. Nf3 e6 3. e3 b6 4. Bd3 Bb7 5. Nbd2 Be7 6. O-O c5 7. c3 Nc6 8. Qe2 d5 9. Ne5 Nxe5 10. dxe5 Nd7 11. f4 Qc7 12. a4 1/2-1/2

[Event "AUT-chT2S 9900"]
[Site "Austria"]
[Date "2000.03.17"]
[Round "9.1"]
[White "Riedner, Martin"]
[Black "Rohler, Siegfried"]
[Result "1/2-1/2"]
[WhiteElo "2229"]
[BlackElo "2170"]
[Annotator "Gabriele Ballarin"]
[PlyCount "71"]
[EventDate "1999.10.??"]
[EventType "team"]
[EventRounds "11"]
[EventCountry "AUT"]
[SourceTitle "EXT 2002"]
[Source "ChessBase"]
[SourceDate "2001.11.25"]
[SourceVersion "1"]
[SourceVersionDate "2001.11.25"]
[SourceQuality "1"]

1. d4 c5 2. d5 d6 3. e4 g6 4. Nc3 Bg7 5. Bb5+ Nd7 6. a4 Ngf6 7. Nf3 O-O 8. h3 a6 9. Be2 b6 10. Bg5 Rb8 11. Nd2 Ne8 12. O-O Nc7 13. Nc4 Nf6 14. Be3 b5 15. axb5 axb5 16. Na5 Bd7 17. Re1 Rb6 18. Bf4 b4 19. Nc4 Rb8 20. Nb1 Bb5 21. Nbd2 Na8 22. e5 Ne8 23. Ra7 Nb6 24. exd6 Nxd6 25. Nxb6 Qxb6 26. Rxe7 Bf6 27. Re3 Bxb2 28. Ne4 Nxe4 29. Rxe4 Rbd8 30. Re7 Rfe8 31. d6 Rxe7 32. dxe7 Re8 33. Qd5 Bd4 34. Bg3 c4 35. Rd1 Bf6 36. Bc7 1/2-1/2

[Event "AUT-chT2S 9900"]
[Site "Austria"]
[Date "2000.03.17"]
[Round "9.2"]
[White "Beck, Hartmuth"]
[Black "Lendwai, Reinhard"]
[Result "1/2-1/2"]
[WhiteElo "2235"]
[BlackElo "2371"]
[Annotator "Gabriele Ballarin"]
[PlyCount "43"]
[EventDate "1999.10.??"]
[EventType "team"]
[EventRounds "11"]
[EventCountry "AUT"]
[SourceTitle "EXT 2002"]
[Source "ChessBase"]
[SourceDate "2001.11.25"]
[SourceVersion "1"]
[SourceVersionDate "2001.11.25"]
[SourceQuality "1"]

1. c4 c6 2. Nc3 d5 3. cxd5 cxd5 4. d4 Nc6 5. Nf3 Nf6 6. Bf4 a6 7. Ne5 Qb6 8. Nxc6 bxc6 9. Qd2 e6 10. h3 Bd7 11. e3 c5 12. dxc5 Bxc5 13. Be5 Bc6 14. Be2 O-O 15. O-O Nd7 16. Bg3 d4 17. exd4 Bxd4 18. Rfd1 e5 19. Rac1 Nc5 20. b3 Rad8 21. Qc2 f5 22. Bf1 1/2-1/2

[Event "AUT-chT2S 9900"]
[Site "Austria"]
[Date "2000.03.17"]
[Round "9.2"]
[White "Buchegger, Karl"]
[Black "Kwatschewsky, Leo"]
[Result "0-1"]
[WhiteElo "2196"]
[BlackElo "2307"]
[Annotator "Gabriele Ballarin"]
[PlyCount "56"]
[EventDate "1999.10.??"]
[EventType "team"]
[EventRounds "11"]
[EventCountry "AUT"]
[SourceTitle "EXT 2002"]
[Source "ChessBase"]
[SourceDate "2001.11.25"]
[SourceVersion "1"]
[SourceVersionDate "2001.11.25"]
[SourceQuality "1"]

1. d4 Nf6 2. Nf3 b6 3. g3 Bb7 4. Bg2 e6 5. O-O c5 6. c4 cxd4 7. Nxd4 Bxg2 8. Kxg2 Qc8 9. Qa4 Be7 10. Nc3 O-O 11. Rd1 Na6 12. Bg5 h6 13. Bxf6 Bxf6 14. Ne4 Be7 15. Nb3 Rd8 16. f3 Nb4 17. Rac1 Qc6 18. Qxc6 dxc6 19. a3 Na6 20. Nd4 Rac8 21. b4 c5 22. bxc5 Nxc5 23. Nxc5 Rxc5 24. Nb5 Rxd1 25. Rxd1 a6 26. Nd6 Rc6 27. c5 Rxc5 28. Ne4 Rc2 0-1

[Event "AUT-chT2S 9900"]
[Site "Austria"]
[Date "2000.03.17"]
[Round "9.2"]
[White "Mahdy, Khaled"]
[Black "Brod, Manfred"]
[Result "1-0"]
[WhiteElo "2332"]
[BlackElo "2223"]
[Annotator "Gabriele Ballarin"]
[PlyCount "123"]
[EventDate "1999.10.??"]
[EventType "team"]
[EventRounds "11"]
[EventCountry "AUT"]
[SourceTitle "EXT 2002"]
[Source "ChessBase"]
[SourceDate "2001.11.25"]
[SourceVersion "1"]
[SourceVersionDate "2001.11.25"]
[SourceQuality "1"]

1. e4 c5 2. Nf3 e6 3. c3 d5 4. e5 Qb6 5. d4 Bd7 6. Bd3 Bb5 7. O-O Bxd3 8. Qxd3 Qa6 9. Qd1 Nd7 10. Re1 Ne7 11. Na3 b6 12. Nc2 Nc6 13. Ne3 cxd4 14. cxd4 Be7 15. Bd2 Qd3 16. Qb1 Qxb1 17. Raxb1 O-O 18. Rec1 Rac8 19. Rc2 Nb4 20. Bxb4 Bxb4 21. Rbc1 Rxc2 22. Rxc2 Rd8 23. Rc7 a6 24. Kf1 Kf8 25. Ke2 Ke8 26. Nc2 Be7 27. Nfe1 Ra8 28. f4 Kd8 29. Rc3 Rc8 30. Rg3 g6 31. Rh3 Nf8 32. Kd3 Kd7 33. g4 f5 34. exf6 Bxf6 35. Nf3 Kd6 36. Kd2 Rc7 37. g5 Bh8 38. Ne5 Bxe5 39. fxe5+ Ke7 40. Ne3 Kd8 41. Rf3 Ke8 42. Ng4 Rf7 43. Nf6+ Kd8 44. Ra3 Ra7 45. Ng4 Kd7 46. Nh6 Ke8 47. Rc3 Kd8 48. Rc6 Rb7 49. Ng4 Kd7 50. Rc3 Rc7 51. Nf6+ Kd8 52. Rb3 Rb7 53. h4 Rb8 54. a4 Rb7 55. Rf3 Rf7 56. Rf4 Nd7 57. Nxd5 Rxf4 58. Nxf4 Ke7 59. Kd3 b5 60. axb5 axb5 61. Kc3 Nb6 62. b3 1-0

[Event "AUT-chT2S 9900"]
[Site "Austria"]
[Date "2000.03.17"]
[Round "9.4"]
[White "Egartner, Wolfgang"]
[Black "Reichmann, Egon"]
[Result "1-0"]
[WhiteElo "2141"]
[BlackElo "2260"]
[Annotator "Gabriele Ballarin"]
[PlyCount "75"]
[EventDate "1999.10.??"]
[EventType "team"]
[EventRounds "11"]
[EventCountry "AUT"]
[SourceTitle "EXT 2002"]
[Source "ChessBase"]
[SourceDate "2001.11.25"]
[SourceVersion "1"]
[SourceVersionDate "2001.11.25"]
[SourceQuality "1"]

1. d4 Nf6 2. Nf3 e6 3. g3 c5 4. Bg2 cxd4 5. Nxd4 d5 6. O-O e5 7. Nb5 a6 8. N5a3 Nc6 9. c4 d4 10. e3 d3 11. e4 Bg4 12. f3 Bc5+ 13. Kh1 Be6 14. Qe1 Qb6 15. b3 Rd8 16. Bb2 Bb4 17. Bc3 d2 18. Bxd2 Rxd2 19. Nxd2 Bxa3 20. f4 O-O 21. f5 Bc8 22. Nf3 Bc5 23. h3 Nd4 24. Nxd4 Bxd4 25. Rd1 Nd7 26. g4 h6 27. h4 f6 28. Bf3 Nc5 29. Qe2 Qd8 30. Rf2 b6 31. Qc2 Bd7 32. Rg2 Bc6 33. Re1 a5 34. Qd2 Kf7 35. Rge2 Rh8 36. Rh2 Na6 37. g5 hxg5 38. hxg5 1-0

[Event "AUT-chT2S 9900"]
[Site "Austria"]
[Date "2000.03.17"]
[Round "9.4"]
[White "Koch, Wolfgang Max"]
[Black "Jacob, Volker"]
[Result "1-0"]
[WhiteElo "2305"]
[BlackElo "2218"]
[Annotator "Gabriele Ballarin"]
[PlyCount "127"]
[EventDate "1999.10.??"]
[EventType "team"]
[EventRounds "11"]
[EventCountry "AUT"]
[SourceTitle "EXT 2002"]
[Source "ChessBase"]
[SourceDate "2001.11.25"]
[SourceVersion "1"]
[SourceVersionDate "2001.11.25"]
[SourceQuality "1"]

1. d4 Nf6 2. Nf3 e6 3. c4 c5 4. d5 exd5 5. cxd5 d6 6. Nc3 g6 7. e4 Bg7 8. Bd3 Bg4 9. h3 Bxf3 10. Qxf3 O-O 11. O-O Nbd7 12. Qd1 a6 13. a4 Re8 14. Re1 Rc8 15. Bc4 Qc7 16. Bd2 Re7 17. Qc2 Rce8 18. Rad1 Nb6 19. b3 Nfd7 20. Bf1 Nc8 21. Rb1 Ncb6 22. Kh1 Nf6 23. g3 Rc8 24. Bg2 Nbd7 25. f4 Rce8 26. g4 h6 27. Bf3 Nh7 28. h4 Qd8 29. g5 hxg5 30. hxg5 f6 31. gxf6 Bxf6 32. Rg1 Nhf8 33. Rg3 Rh7+ 34. Kg2 Bd4 35. Rg4 Ree7 36. Ne2 Bf6 37. Ng3 Reg7 38. Rh1 Rxh1 39. Nxh1 Bd4 40. Bc3 Qf6 41. Bxd4 Qxd4 42. Nf2 Re7 43. Rg3 Nf6 44. Qc4 Qxc4 45. bxc4 Kf7 46. Rh3 N8d7 47. a5 b6 48. axb6 Nxb6 49. Be2 a5 50. Rb3 Nfd7 51. Kf3 g5 52. fxg5 Nxc4 53. Bxc4 Ne5+ 54. Kf4 Nxc4 55. Rh3 Kg7 56. Ng4 Ne5 57. Nxe5 dxe5+ 58. Kf5 a4 59. Rc3 Ra7 60. Rxc5 a3 61. Rc1 a2 62. Ra1 Kf7 63. Kxe5 Kg6 64. Ke6 1-0

[Event "AUT-chT2S 9900"]
[Site "Austria"]
[Date "2000.03.17"]
[Round "9.4"]
[White "Konopka, Michal"]
[Black "Siklosi, Zoltan"]
[Result "1/2-1/2"]
[WhiteElo "2484"]
[BlackElo "2337"]
[Annotator "Gabriele Ballarin"]
[PlyCount "91"]
[EventDate "1999.10.??"]
[EventType "team"]
[EventRounds "11"]
[EventCountry "AUT"]
[SourceTitle "EXT 2002"]
[Source "ChessBase"]
[SourceDate "2001.11.25"]
[SourceVersion "1"]
[SourceVersionDate "2001.11.25"]
[SourceQuality "1"]

1. Nf3 d5 2. d4 Nf6 3. c4 c6 4. Qc2 dxc4 5. Qxc4 Bf5 6. Nc3 e6 7. g3 Nbd7 8. Bg2 Be7 9. O-O O-O 10. e3 b5 11. Qe2 b4 12. Na4 Qa5 13. b3 Be4 14. Bb2 Rac8 15. Nd2 Bxg2 16. Kxg2 c5 17. dxc5 Nxc5 18. Nc4 Qa6 19. Nxc5 Rxc5 20. e4 Rd8 21. a4 Rc7 22. Rfd1 Rcd7 23. f3 h5 24. Rxd7 Rxd7 25. Rd1 Qc8 26. Kf1 Qc7 27. Bxf6 Bxf6 28. Rxd7 Qxd7 29. Qd2 Qb7 30. Ke2 Be7 31. Qd4 g6 32. Kd3 Qc7 33. Ke2 Qb7 34. Nb2 h4 35. Nc4 hxg3 36. hxg3 Qc7 37. Qe5 Qd8 38. Qb2 Bc5 39. Qd2 Qf6 40. Nb2 Be7 41. f4 e5 42. Nd3 exf4 43. gxf4 Qh4 44. Ne5 Bc5 45. Kd3 Bd6 46. Qe3 1/2-1/2

[Event "AUT-chT2S 9900"]
[Site "Austria"]
[Date "2000.03.17"]
[Round "9.4"]
[White "Solinas, Carlo"]
[Black "Wurm, Christoph"]
[Result "1/2-1/2"]
[WhiteElo "2087"]
[BlackElo "2160"]
[Annotator "Gabriele Ballarin"]
[PlyCount "64"]
[EventDate "1999.10.??"]
[EventType "team"]
[EventRounds "11"]
[EventCountry "AUT"]
[SourceTitle "EXT 2002"]
[Source "ChessBase"]
[SourceDate "2001.11.25"]
[SourceVersion "1"]
[SourceVersionDate "2001.11.25"]
[SourceQuality "1"]

1. e4 c5 2. d4 cxd4 3. c3 Nf6 4. e5 Nd5 5. cxd4 d6 6. Nf3 Nc6 7. Bc4 Nb6 8. Bb5 dxe5 9. Nxe5 Bd7 10. Nxd7 Qxd7 11. O-O g6 12. Nc3 a6 13. d5 axb5 14. dxc6 Qxd1 15. Rxd1 bxc6 16. Be3 Nc4 17. Bd4 f6 18. b3 Nd6 19. Rac1 Ra6 20. Bc5 Kf7 21. Rc2 f5 22. f3 Rg8 23. Ne2 Nb7 24. Be3 Bg7 25. Rd7 Nd8 26. Bc5 Bf6 27. Nf4 Re8 28. Nd3 Ne6 29. Kf2 Rd8 30. Rxd8 Nxd8 31. Nb4 Ra8 32. Bb6 Ke8 1/2-1/2

[Event "AUT-chT2S 9900"]
[Site "Austria"]
[Date "2000.03.17"]
[Round "9.4"]
[White "Tabernig, Bernhard"]
[Black "Mocchi, Tullio"]
[Result "1/2-1/2"]
[WhiteElo "2360"]
[BlackElo "2390"]
[Annotator "Gabriele Ballarin"]
[PlyCount "129"]
[EventDate "1999.10.??"]
[EventType "team"]
[EventRounds "11"]
[EventCountry "AUT"]
[SourceTitle "EXT 2002"]
[Source "ChessBase"]
[SourceDate "2001.11.25"]
[SourceVersion "1"]
[SourceVersionDate "2001.11.25"]
[SourceQuality "1"]

1. d4 Nf6 2. c4 c5 3. d5 b5 4. cxb5 a6 5. bxa6 Bxa6 6. g3 d6 7. Bg2 g6 8. Nc3 Bg7 9. Nh3 O-O 10. Rb1 Nbd7 11. b3 Ra7 12. O-O Qa8 13. a4 Nb6 14. Re1 Ne8 15. Bd2 Nc7 16. Nf4 Bb7 17. e4 e6 18. Qc2 exd5 19. exd5 Nbxd5 20. Nfxd5 Nxd5 21. Nb5 Ra6 22. Bxd5 Bxd5 23. Nc7 Qc6 24. Nxa6 Qxa6 25. Bc3 Bh6 26. f4 Ba8 27. h4 Qc6 28. Kh2 d5 29. Rbc1 Rc8 30. Qe2 Bf8 31. Rc2 Qd7 32. Bb2 d4 33. b4 Qf5 34. Rd2 Bg7 35. bxc5 Qd5 36. Red1 Qb3 37. Rd3 Qxa4 38. Bxd4 Re8 39. Be3 Bf8 40. Qf2 Qc6 41. Bd4 Rd8 42. R3d2 Qa4 43. Qf1 Re8 44. Qd3 Qc6 45. Qc3 Re6 46. Qc2 Qf3 47. Be5 Re8 48. Qd3 Qg4 49. Qd7 Re6 50. Ra1 Bc6 51. Qd3 g5 52. Qe2 Bf3 53. Qf2 Be7 54. c6 Bxc6 55. Qb6 f6 56. Qb8+ Kg7 57. fxg5 fxe5 58. Rc1 Qf3 59. Qb2 Kg6 60. Rf2 Ba3 61. Qb1+ Qe4 62. Qa2 Bxc1 63. Qxe6+ Kh5 64. Qh6+ Kg4 65. Qe6+ 1/2-1/2

[Event "AUT-chT2S 9900"]
[Site "Austria"]
[Date "2000.03.17"]
[Round "9.5"]
[White "Petschar, Kurt"]
[Black "Hebesberger, Thomas"]
[Result "1-0"]
[WhiteElo "2250"]
[BlackElo "2240"]
[Annotator "Gabriele Ballarin"]
[PlyCount "113"]
[EventDate "1999.10.??"]
[EventType "team"]
[EventRounds "11"]
[EventCountry "AUT"]
[SourceTitle "EXT 2002"]
[Source "ChessBase"]
[SourceDate "2001.11.25"]
[SourceVersion "1"]
[SourceVersionDate "2001.11.25"]
[SourceQuality "1"]

1. e4 c5 2. c3 d5 3. exd5 Qxd5 4. d4 Nc6 5. Be3 cxd4 6. cxd4 e6 7. Nc3 Qa5 8. Nf3 Nf6 9. a3 a6 10. Bd3 Be7 11. O-O O-O 12. b4 Qd8 13. Rc1 b6 14. Qb3 Bb7 15. Rfd1 Nd5 16. Nxd5 exd5 17. Ne5 Nxe5 18. dxe5 Qb8 19. Bxb6 Qxe5 20. Qb1 Qh5 21. Bd4 Bd6 22. g3 Rfe8 23. Qb2 Rac8 24. Re1 Rxc1 25. Qxc1 Re6 26. Qc3 Bf8 27. Bf1 Qg4 28. h3 Qf5 29. Rxe6 Qxe6 30. Qc7 Qc8 31. Qxc8 Bxc8 32. f4 f6 33. Kf2 Kf7 34. Ke3 g5 35. Bc5 Bh6 36. Bd6 Ke6 37. Bb8 Bf8 38. Bc7 h5 39. h4 g4 40. Kd4 Bb7 41. Bd3 f5 42. Be5 Be7 43. Kc3 Bc8 44. a4 Bd8 45. a5 Bb7 46. Kd4 Bc8 47. Kc3 Bb7 48. Kb3 Bc8 49. Kc2 Bb7 50. Bc3 Be7 51. Kb3 Bc8 52. Bd4 Bd8 53. Bb6 Be7 54. b5 axb5 55. Bxb5 Bd7 56. Ka4 Bf6 57. a6 1-0

[Event "AUT-chT2S 9900"]
[Site "Austria"]
[Date "2000.03.17"]
[Round "9.5"]
[White "Ruck, Robert"]
[Black "Horvath, Jozsef"]
[Result "1-0"]
[WhiteElo "2485"]
[BlackElo "2526"]
[Annotator "Gabriele Ballarin"]
[PlyCount "121"]
[EventDate "1999.10.??"]
[EventType "team"]
[EventRounds "11"]
[EventCountry "AUT"]
[SourceTitle "EXT 2002"]
[Source "ChessBase"]
[SourceDate "2001.11.25"]
[SourceVersion "1"]
[SourceVersionDate "2001.11.25"]
[SourceQuality "1"]

{10240kB. Pentium} 1. Nf3 Nf6 2. c4 e6 3. Nc3 d5 4. d4 Nbd7 5. Bf4 dxc4 6. e3 Nb6 7. Bxc4 Nxc4 8. Qa4+ c6 9. Qxc4 Be7 10. O-O O-O 11. Rfd1 a5 12. Rac1 Ra6 13. e4 b5 14. Qe2 Bb7 15. Bg5 h6 16. Bxf6 Bxf6 17. e5 Be7 18. Ne4 Qd5 19. a3 b4 20. Nc5 Rb6 21. a4 b3 22. Rc3 Rb4 23. Rdc1 Bxc5 24. Rxc5 Qd8 25. Qe3 Qb6 26. Nd2 Rxa4 27. Qxb3 Qxb3 28. Nxb3 Ra8 29. R5c4 Ra2 30. R4c2 a4 31. Nc5 Ba6 32. f3 Bb5 33. Kf2 a3 34. bxa3 R8xa3 35. h4 Kf8 36. Kg3 Ke7 37. Kf4 Rxc2 38. Rxc2 Ra1 39. Rd2 f6 40. g4 g5+ 41. hxg5 hxg5+ 42. Kg3 f5 43. gxf5 exf5 44. Rh2 Bc4 45. Rh7+ Ke8 46. Rg7 Rg1+ 47. Kf2 Rf1+ 48. Kg2 Rd1 49. Rxg5 f4 50. Kh3 Rxd4 51. Kg4 Bd5 52. Kf5 Kf7 53. Rg6 Bxf3 54. e6+ Ke7 55. Rg7+ Kd6 56. Nb3 Rd5+ 57. Kf6 c5 58. Rd7+ Kc6 59. Na5+ Kb6 60. Rxd5 Bxd5 61. e7 1-0